00342nam a22001217a 450000500170000000800410001704000130005808200230007110000190009424500550011326000410016830000110020920170731153438.0170731b xxu||||| |||| 00| 0 eng d cPK-LaUMT aZIAC 297.01bBOE-H aBoer , T.J. DE aThe history of philosophy in Islam/c T.J. DE Boer aNew York:bDover publications,c1967 a216 p.